Geometry Dash Demon List - Statistics

General Stats
  • This quiz has been taken 86 times
    80 since last reset
  • The average score is 44 of 150
Answer Stats
Placement Demon % Correct
#1 Avernus
91%
#2 Acheron
85%
#90 Silent Club
85%
#3 Silent Clubstep
85%
#6 Slaughterhouse
85%
#12 Limbo
79%
#5 Kyouki
76%
#32 Tartarus
76%
#4 Abyss of Darkness
74%
#98 Bloodlust
74%
#9 Firework
74%
#7 Sakupen Circles
71%
#8 KOCMOC
68%
#34 The Golden
65%
#45 Zodiac
65%
#11 Codependence
62%
#29 Sonic Wave Infinity
62%
#47 Kenos
50%
#10 Minusdry
50%
#21 Edge of Destiny
47%
#15 Poocubed
47%
#33 Walter White
47%
#110 | #14 Deimos
44%
#27 Hard Machine
44%
#102 Jesse Pinkman
44%
#26 Oblivion
44%
#16 Saul Goodman
44%
#13 The Lightning Rod
44%
#124 kowareta
41%
#20 Solar Flare
41%
#18 The Hallucination
41%
#19 Tunnel of Despair
41%
#63 Crimson Planet
38%
#56 Thinking Space
38%
#38 Verdant Landscape
38%
#25 Arcturus
35%
#22 Mayhem
35%
#40 Shukketsu
35%
#135 Arctic Lights
32%
#69 Cognition
32%
#23 Combustion
32%
#49 Keres
32%
#60 Lotus Flower
32%
#51 Neutra
32%
#36 Trueffet
32%
#24 Unknown
32%
#42 Aerial Gleam
29%
#145 AKIRA
29%
#52 Belladonna
29%
#66 Calculator Core
29%
#61 Cold Sweat
29%
#86 Congregation
29%
#41 Delta
29%
#17 Eyes in the Water
29%
#54 Fragile
29%
#39 Jigsaw
29%
#53 Promethean
29%
#120 The Yandere
29%
#44 Critical Heat
26%
#46 Esfera
26%
#139 Gustavo Fring
26%
#123 Nhelv
26%
#138 Plasma Pulse Finale
26%
#64 Renevant
26%
#112 ATOMIC CANNON
24%
#79 ATOMIC CANNON Mk II
24%
#105 CITRA
24%
#55 Crackhead Circles
24%
#37 Damascus
24%
#31 Deadlier Clubstep
24%
#50 Frost Spirit
24%
#43 Network
24%
#78 RUST
24%
#73 SARY NEVER CLEAR
24%
#30 Saryyx Never Clear
24%
#114 Sigma
24%
#99 Fog
21%
#140 Frozen cave
21%
#84 Horros
21%
#96 Kappa
21%
#104 no jokes
21%
#129 Ouroboros
21%
#111 Pagoda
21%
#57 qoUEO
21%
#85 Ragnarok
21%
#148 Spectrum Cyclone
21%
#59 SUPERHATEMEWORLD
21%
#48 Terminal Rampancy
21%
#62 Widestep
21%
#81 Akashic Records
18%
#117 Atmos
18%
#144 Calamity
18%
#91 Descent Into Exile
18%
#107 Gracefully
18%
#74 Instinct
18%
#89 Launchpad Labyrinth
18%
#76 Lucid Nightmares
18%
#35 Midnight
18%
#115 Neon Skyline
18%
#130 Ourwa
18%
#147 RAM
18%
#80 Shardscapes
18%
#83 Sides Of My Mind
18%
#28 Sinister Silence
18%
#94 The Rupture
18%
#72 Amalgam
15%
#109 Aronia
15%
#141 CHROMA FINALE
15%
#77 ConClusion
15%
#70 Cosmic Cyclone
15%
#68 DIRECTIONS
15%
#118 Dump
15%
#146 EGO KILLING
15%
#87 Escape Room
15%
#132 FRIDAY
15%
#131 Hardry
15%
#125 SAND SAILOR
15%
#75 Scream Machine
15%
#65 Sky Shredder
15%
#97 The Art of the Blade
15%
#88 TORN
15%
#113 Twilight
15%
#133 Visible Ray
15%
#101 Asterios
12%
#122 Cicatrize
12%
#58 Climax
12%
#100 Coral Cave
12%
#92 CORRODERE
12%
#134 Excruciation Chamber
12%
#127 Farthest Outpost
12%
#150 Fragmented
12%
#126 FusionDynamix
12%
#119 Ithacropolix
12%
#95 Jupiter My Favourite
12%
#116 Knights of Thunder
12%
#149 nevermore
12%
#93 Omega Interface
12%
#143 REPENTLESS
12%
#82 Ruthless
12%
#106 Sazerix
12%
#67 shimmer
12%
#142 Szyslak
12%
#71 Trotil
12%
#108 Awedsy
9%
#128 Kjdf8314jlfssf
9%
#137 Ploink
9%
#103 Terminux
9%
#136 Th3Dev0n
9%
#121 untitled unmastered
9%
No matching quizzes found
Score Distribution
Percent of People with Each Score
Percentile by Number Answered
Your Score History
You have not taken this quiz since the last reset